|
|
|
|
| LEADER |
00000nam0a2200000 4500 |
| 001 |
684291 |
| 005 |
20260218153943.0 |
| 010 |
|
|
|a 978-5-4387-1211-4
|
| 090 |
|
|
|a 684291
|
| 100 |
|
|
|a 20260119d2024 m||y0rusy50 ca
|
| 101 |
0 |
|
|a rus
|
| 102 |
|
|
|a RU
|
| 105 |
|
|
|a a j 001yy
|
| 181 |
|
0 |
|a i
|b e
|
| 182 |
|
0 |
|a n
|
| 183 |
|
0 |
|a nc
|2 RDAcarrier
|
| 200 |
1 |
|
|a Направленное бурение. Лабораторный практикум
|e учебно-методическое пособие
|f И. Б. Бондарчук, А. А. Бер, Н. М. Мних
|g Национальный исследовательский Томский политехнический университет
|
| 203 |
|
|
|a Текст
|b визуальный
|c непосредственный
|
| 210 |
|
|
|a Томск
|c Изд-во ТПУ
|d 2024
|
| 215 |
|
|
|a 79 с.
|c ил.
|
| 283 |
|
|
|a volume
|2 RDAcarrier
|
| 320 |
|
|
|a Термины и определения: с. 77-78
|
| 320 |
|
|
|a Список литературы: с. 79
|
| 330 |
|
|
|a Практикум содержит методические указания для выполнения лабораторных работ, которые предназначены для отработки и закрепления таких навыков, как построение профиля скважины, ориентирование отклонителей, ведение статистических исследований при выявлении закономерностей естественного искривления скважин. Предназначен для студентов вузов, обучающихся по направлениям 21.03.01 "Нефтегазовое дело" и 21.05.03 "Технология геологической разведки", а также может быть полезен аспирантам, научным работникам и специалистам производственных организаций, занятым решением технологических задач по направленному бурению скважин.
|
| 606 |
|
|
|a Направленное бурение
|9 64122
|
| 610 |
1 |
|
|a скважины
|
| 610 |
1 |
|
|a профиль
|
| 610 |
1 |
|
|a построение
|
| 610 |
1 |
|
|a отклонители
|
| 610 |
1 |
|
|a естественное искривление
|
| 610 |
1 |
|
|a закономерности
|
| 610 |
1 |
|
|a выявление
|
| 610 |
1 |
|
|a лабораторные практикумы
|
| 610 |
1 |
|
|a учебно-методические пособия
|
| 610 |
1 |
|
|a труды учёных ТПУ
|
| 675 |
|
|
|a 622.243
|v 4
|
| 700 |
|
1 |
|a Бондарчук
|b И. Б.
|c геолог
|c старший преподаватель Томского Политехнического университета
|f 1981-
|g Игорь Борисович
|3 Бондарчук
|9 11649
|
| 701 |
|
1 |
|a Бер
|b А. А.
|c специалист в области нефтепромыслового оборудования
|c старший преподаватель Томского политехнического университета
|f 1960-
|g Александр Андреевич
|9 18720
|
| 701 |
|
1 |
|a Мних
|b Н. М.
|c физик
|c доцент Томского политехнического университета, кандидат физико-математических наук
|f 1960-
|g Николай Михайлович
|9 88750
|
| 712 |
0 |
2 |
|a Национальный исследовательский Томский политехнический университет
|c (2009- )
|4 570
|9 26305
|
| 801 |
|
0 |
|c 20260120
|a RU
|b 63413507
|
| 850 |
|
|
|a 63413507
|
| 942 |
|
|
|c BK
|